[Event "Turkish Super League 2019"]
[Site "Konya"]
[Date "2019.07.23"]
[Round "7"]
[White "Selbes, Tarik"]
[Black "Firouzja, Alireza"]
[Result "0-1"]
[WhiteElo "2342"]
[BlackElo "2685"]
[Annotator "TA"]
[PlyCount "54"]
[EventDate "2019.07.17"]
[EventType "team-tourn"]
[EventCountry "TUR"]
[SourceTitle "playchess.com"]
[Source "ChessBase"]
[SourceQuality "1"]

{[%evp 10,64,29,5,20,9,20,0,25,0,-1,-50,-17,-5,-5,-8,-15,-41,-39,-52,-63,-64,-50,-64,-58,-55,-67,-58,-52,-241,-244,-256,-258,-320,-342,-328,-335,-335,-323,-322,-265,-259,-260,-302,-295,-300,-259,-324,-313,-393,-325,-805,-806,-1393,-1374,-1302,-1302]} 1. e4 c5 2. Nf3 d6 3. d4 cxd4 4. Nxd4 Nf6 5. Nc3 a6 6. Qf3 Bg4 {B90: Sicilian Najdorf: Unusual White 6th moves, 6 Be3 Ng4 and 6 Be3 e5} 7. Qg3 e5 8. Nf3 $146 ({Predecessor:} 8. Nb3 Be6 9. Be2 Nbd7 10. f4 Rc8 11. f5 Bc4 12. Bxc4 Rxc4 13. Qd3 Qc7 14. Bg5 {1-0 (49) Harutjunyan,G (2414)-Idani,P (2551) Teheran 2016}) 8... h6 {The position is equal.} 9. Nd2 Nc6 10. Nc4 Be6 {And now ...Nd4 would win.} (10... Nd4 $5 {[%cal Rd4c2]} 11. Ne3 Be6 $15) 11. Ne3 Nd4 {[#] White must now prevent ...Nh5.} 12. f3 Rc8 13. Qf2 d5 $1 $36 {[%mdl 2048] Black has good play.} 14. Bd3 dxe4 15. fxe4 Bc5 16. O-O O-O 17. Kh1 Nh5 18. Qe1 Nf4 19. Rxf4 $2 {[#]} ({Better is} 19. Nf5 $15) 19... exf4 $19 20. Ned5 g5 21. Nxf4 gxf4 22. Bxf4 Qf6 23. Qd2 Qh4 24. Re1 Kh8 25. Nd5 Nc6 26. Rf1 Bd4 27. Bg3 Qg5 {Played: Qh4-h5} 0-1

[Event "Turkish Super League 2019"]
[Site "Konya"]
[Date "2019.07.24"]
[Round "7"]
[White "Selbes, Tarik"]
[Black "Firouzja, Alireza"]
[Result "0-1"]
[WhiteElo "2342"]
[BlackElo "2685"]
[Annotator "TA"]
[PlyCount "46"]
[EventDate "2019.07.17"]
[EventType "team-tourn"]
[EventCountry "TUR"]

{[%evp 10,64,26,9,18,13,8,0,8,0,0,-10,-10,-14,-18,-12,0,-44,-58,-74,-70,-81,-77,-78,-71,-65,-63,-71,-80,-245,-244,-261,-241,-343,-331,-338,-345,-334,-338,-308,-256,-250,-262,-323,-310,-308,-278,-323,-296,-362,-313,-798,-802,-1395,-1386,-1352,-1339]} 1. e4 c5 2. Nf3 d6 3. d4 cxd4 4. Nxd4 Nf6 5. Nc3 a6 6. Qf3 Bg4 {B90: Sicilian Najdorf: Unusual White 6th moves, 6 Be3 Ng4 and 6 Be3 e5} 7. Qg3 e5 8. Nf3 $146 ({Predecessor:} 8. Nb3 Be6 9. Be2 Nbd7 10. f4 Rc8 11. f5 Bc4 12. Bxc4 Rxc4 13. Qd3 Qc7 14. Bg5 {1-0 (49) Harutjunyan,G (2414)-Idani,P (2551) Teheran 2016}) 8... h6 {The position is equal.} 9. Nd2 Nc6 10. Nc4 Be6 {...Nd4 is the strong threat.} 11. Ne3 Nd4 {[#] And now ...Nh5 would win.} 12. f3 Rc8 13. Qf2 d5 $1 $36 {[%mdl 2048] Black has the initiative.} 14. Bd3 dxe4 15. fxe4 Bc5 16. O-O O-O 17. Kh1 Nh5 18. Qe1 Nf4 19. Rxf4 $2 (19. Nf5 $17) 19... exf4 $19 20. Ned5 g5 21. Nxf4 (21. Bd2 $142) 21... gxf4 22. Bxf4 Qf6 23. Qd2 Rfd8 {Played: Qf6-h4} 0-1

[Event "Turkish Super League 2019"]
[Site "Konya"]
[Date "2019.07.23"]
[Round "7"]
[White "Secer, Ata"]
[Black "Esipenko, Andrey"]
[Result "1/2-1/2"]
[WhiteElo "2324"]
[BlackElo "2621"]
[Annotator "TA"]
[PlyCount "102"]
[EventDate "2019.07.17"]
[EventType "team-tourn"]
[EventCountry "TUR"]
[SourceTitle "playchess.com"]
[Source "ChessBase"]
[SourceQuality "1"]

{[%evp 15,102,22,25,12,15,6,0,8,6,-14,-12,0,0,-8,-11,-16,-15,-22,-12,-14,-4,-17,-16,-28,-16,-20,-14,-20,-13,-18,-22,-20,0,-22,0,0,0,0,0,0,0,0,0,0,0,6,8,0,0,0,0,0,38,17,25,0,0,0,0,0,0,0,0,0,0,0,0,0,0,0,0,0,0,0,0,0,0,0,0,0,0,0,0,0,0,0,0,0,0]} 1. e4 e5 2. Nf3 Nc6 3. Bb5 a6 4. Ba4 Nf6 5. O-O b5 6. Bb3 Bb7 7. d3 Be7 8. Nc3 d6 9. a3 {C84: Closed Ruy Lopez: Unusual White 6th moves} O-O 10. Nd5 (10. Ne2 Qd7 11. Ng3 Nd8 12. Ba2 c5 13. b4 Ne6 14. Re1 Rae8 15. c4 Bd8 16. h3 Bb6 17. Be3 {0-1 (42) Wei,Y (2734)-Yu,Y (2759) Ningbo 2018}) 10... Nxd5 11. Bxd5 Qc8 $146 ({Predecessor:} 11... Bf6 12. Be3 Qc8 13. Bg5 {0-1 (35) Cabrera Trujillo,J (2365)-Balogh,C (2628) Pamplona 2010}) 12. Bg5 Bxg5 13. Nxg5 {[#] Qh5! is the strong threat.} h6 14. Nh3 Ne7 15. Bxb7 Qxb7 16. f4 f6 17. Qg4 Qc8 18. Qxc8 (18. Nf2 {feels hotter.} Qxg4 19. Nxg4 f5 20. exf5 h5 21. Ne3) 18... Rfxc8 19. a4 c5 20. fxe5 dxe5 21. Nf2 c4 22. axb5 axb5 23. c3 Ng6 24. g3 Nf8 25. dxc4 bxc4 26. Rxa8 Rxa8 $11 {[%mdl 4096] Endgame KRN-KRN} 27. Ng4 Rb8 28. Rb1 Ne6 29. Ne3 Nc5 30. Nxc4 Nxe4 31. Ra1 Kf7 32. Ra7+ Kg6 33. Kg2 Nc5 34. Kf3 Nd3 35. b4 Rc8 {The position is equal.} 36. Ke3 Nxb4 $1 37. Nxe5+ $1 fxe5 38. cxb4 {KR-KR} Rc2 39. Ke4 Rc4+ 40. Kxe5 Rxb4 41. Rd7 Rb2 42. h4 Rb4 (42... Rb5+ {seems wilder.} 43. Kf4 Rb4+ 44. Kf3 Rb3+ 45. Kf4 Rb4+) 43. Rd4 $1 {[%cal Rd4b4]} Rxd4 44. Kxd4 {KPP-KPP} Kf5 {[#] Threatens to win with ...Kg4.} (44... Kh5 $5 45. Ke3 $8 Kg4 $11) 45. Ke3 $1 Kg4 46. Kf2 Kh3 47. Kf3 g5 48. hxg5 $1 hxg5 49. g4 Kh4 50. Kf2 Kxg4 {( -> ...Kh3)} 51. Kg2 Kf4 {Accuracy: White = 75%, Black = 68%.} 1/2-1/2

[Event "Turkish Super League 2019"]
[Site "Konya"]
[Date "2019.07.23"]
[Round "7"]
[White "Ozturk, Kubra"]
[Black "Szczepkowska, Karina"]
[Result "1/2-1/2"]
[WhiteElo "2317"]
[BlackElo "2425"]
[Annotator "NA"]
[PlyCount "129"]
[EventDate "2019.07.17"]
[EventType "team-tourn"]
[EventCountry "TUR"]
[SourceTitle "playchess.com"]
[Source "ChessBase"]
[SourceQuality "1"]
[TimeControl "40/5400+30:1800+30"]

1. d4 Nf6 2. c4 e6 3. Nc3 Bb4 4. g3 c5 5. Nf3 cxd4 6. Nxd4 Ne4 7. Qd3 Qa5 8. Nb3 Nxc3 9. Bd2 Ne4 10. Qxe4 Bxd2+ 11. Nxd2 O-O 12. Bg2 Rd8 13. Qd3 Qe5 14. Rb1 d5 15. cxd5 exd5 16. Nf3 Qf6 17. Nd4 Nc6 18. Rd1 Bg4 19. h3 Bh5 20. Qf5 Nxd4 21. Qxf6 Nc2+ 22. Kd2 gxf6 23. Kxc2 Bxe2 24. Rxd5 Rac8+ 25. Kd2 Rxd5+ 26. Bxd5 Rd8 27. Kxe2 Rxd5 28. Rc1 Rd7 29. Rc2 Kg7 30. Ke3 Kg6 31. Rc4 Kg7 32. a4 Re7+ 33. Kd3 Rd7+ 34. Kc3 Re7 35. b4 f5 36. a5 Kg6 37. Rf4 Rc7+ 38. Kd4 Rc2 39. Ke5 Re2+ 40. Kd6 Rc2 {[%emt 1:08:00]} 41. g4 {[%emt 1:37:30]} fxg4 {[%emt 0:30:30]} 42. hxg4 {[%emt 0:00:30]} f6 {[%emt 0:03:30]} 43. f3 {[%emt 0:01:30]} Rc3 {[%emt 0:03:30]} 44. Rf5 {[%emt 0:02:30]} a6 {[%emt 0:01:30]} 45. Ke6 {[%emt 0:05:30]} Re3+ {[%emt 0:04:30]} 46. Kd6 {[%emt 0:03:30]} h5 {[%emt 0:10:30]} 47. Rxh5 {[%emt 0:01:30]} Rxf3 {[%emt 0:00:00]} 48. Kc7 {[%emt 0:03:30]} Rb3 {[%emt 0:02:09]} 49. Kxb7 {[%emt 0:01:30]} Rxb4+ {[%emt 0:00:21]} 50. Kxa6 {[%emt 0:00:00]} Rxg4 {[%emt 0:00:30]} 51. Rb5 {[%emt 0:00:00]} Re4 {[%emt 0:01:17]} 52. Kb6 {[%emt 0:01:30]} Re6+ {[%emt 0:01:38]} 53. Kb7 {[%emt 0:00:30]} Re7+ {[%emt 0:00:05]} 54. Kb8 {[%emt 0:02:30]} f5 {[%emt 0:01:02]} 55. a6 {[%emt 0:00:30]} Kg5 {[%emt 0:01:14]} 56. a7 {[%emt 0:00:30]} Kg4 {[%emt 0:02:26]} 57. Rc5 {[%emt 0:03:30]} Rxa7 {[%emt 0:00:57]} 58. Kxa7 {[%emt 0:00:30]} f4 {[%emt 0:00:00]} 59. Rc1 {[%emt 0:02:30]} f3 {[%emt 0:01:01]} 60. Kb6 {[%emt 0:00:00]} f2 {[%emt 0:00:11]} 61. Kc5 {[%emt 0:00:00]} Kf3 {[%emt 0:00:16]} 62. Kd4 {[%emt 0:00:30]} Kg2 {[%emt 0:00:00]} 63. Ke3 {[%emt 0:00:00]} f1=Q {[%emt 0:00:31]} 64. Rxf1 {[%emt 0:00:00]} Kxf1 {[%emt 0:00:00]} 65. Kd4 {[%emt 0:00:30]} 1/2-1/2

[Event "Turkish Super League 2019"]
[Site "Konya"]
[Date "2019.07.23"]
[Round "7"]
[White "Dordzhieva, Dinara"]
[Black "Caglar, Sila"]
[Result "1-0"]
[WhiteElo "2306"]
[BlackElo "2306"]
[Annotator "NA"]
[PlyCount "73"]
[EventDate "2019.07.17"]
[EventType "team-tourn"]
[EventCountry "TUR"]
[SourceTitle "playchess.com"]
[Source "ChessBase"]
[SourceQuality "1"]
[TimeControl "40/5400+30:1800+30"]

1. Nf3 d5 2. c4 c6 3. g3 Bg4 4. Bg2 e6 5. cxd5 cxd5 6. Qa4+ Qd7 7. Qxg4 Nf6 8. Qd4 Nc6 9. Qa4 a6 10. O-O b5 11. Qb3 h5 12. h4 e5 13. d3 Bc5 14. Nc3 b4 15. Na4 Ba7 16. e4 Rb8 17. exd5 Na5 18. Qd1 Ng4 19. b3 O-O 20. Bb2 f6 21. d4 e4 22. Nh2 f5 23. Nxg4 hxg4 24. Nc5 Qxd5 25. Nxa6 {[%emt 0:40:30]} Rb6 {[%emt 0:58:30]} 26. Nc5 {[%emt 0:00:30]} Rd8 {[%emt 0:00:30]} 27. Qe2 {[%emt 0:00:30]} Rbd6 {[%emt 0:11:30]} 28. Rac1 {[%emt 0:02:30]} Bb6 {[%emt 0:17:51]} 29. Qb5 {[%emt 0:05:30]} Nc6 {[%emt 0:05:47]} 30. Rfd1 {[%emt 0:01:30]} Ba7 {[%emt 0:04:55]} 31. Qc4 {[%emt 0:02:30]} Qxc4 {[%emt 0:02:26]} 32. Rxc4 {[%emt 0:00:30]} Ne5 {[%emt 0:02:13]} 33. Rcc1 {[%emt 0:00:00]} Rd5 {[%emt 0:02:01]} 34. Ne6 {[%emt 0:02:00]} Nd3 {[%emt 0:00:41]} 35. Nxd8 {[%emt 0:00:30]} Nxb2 {[%emt 0:00:35]} 36. Nc6 {[%emt 0:00:30]} Nxd1 {[%emt 0:00:30]} 37. Ne7+ {[%emt 0:00:30]} 1-0

[Event "Turkish Super League 2019"]
[Site "Konya"]
[Date "2019.07.23"]
[Round "7"]
[White "Injac, Teodora"]
[Black "Buksa, Nataliya"]
[Result "0-1"]
[WhiteElo "2305"]
[BlackElo "2379"]
[Annotator "NA"]
[PlyCount "128"]
[EventDate "2019.07.17"]
[EventType "team-tourn"]
[EventCountry "TUR"]
[SourceTitle "playchess.com"]
[Source "ChessBase"]
[SourceQuality "1"]
[TimeControl "40/5400+30:1800+30"]

1. d4 Nf6 2. c4 e6 3. Nf3 d5 4. Nc3 Nbd7 5. Bf4 dxc4 6. e3 b5 7. Nxb5 Bb4+ 8. Nc3 Nd5 9. a3 Nxc3 10. Qd2 Nd5 11. axb4 Nxf4 12. exf4 Nb6 13. Be2 O-O 14. Ne5 Bb7 15. O-O Qd6 16. Rfc1 Rfd8 17. Nxc4 Nxc4 18. Rxc4 Ba6 19. Rcc1 Bxe2 20. Qxe2 Qxf4 21. Qe3 Qxd4 22. Qxd4 Rxd4 23. Rxc7 g6 24. Rb7 Rad8 25. g3 Rd1+ 26. Rxd1 Rxd1+ 27. Kg2 Rd4 28. Kf3 Rd3+ 29. Kg2 Rb3 30. Rxa7 Rxb4 31. Ra2 Rb3 32. Kf1 g5 33. h3 Kg7 34. Kg2 h5 35. Kh2 f5 36. Kg2 Kf6 37. Kh2 f4 38. g4 {[%emt 1:45:21]} h4 {[%emt 1:29:11]} 39. Kg2 {[%emt 0:00:30]} Kg6 {[%emt 0:00:30]} 40. Ra6 {[%emt 0:00:30]} Kf7 {[%emt 0:00:00]} 41. Ra2 {[%emt 0:02:09]} Kf6 {[%emt 0:05:49]} 42. Kh2 {[%emt 0:09:30]} Rd3 {[%emt 0:06:30]} 43. Kg2 {[%emt 0:03:30]} f3+ {[%emt 0:14:30]} 44. Kg1 {[%emt 0:00:30]} Rd1+ {[%emt 0:00:30]} 45. Kh2 {[%emt 0:00:30]} e5 {[%emt 0:03:30]} 46. Ra6+ {[%emt 0:07:31]} Kf7 {[%emt 0:00:30]} 47. b4 {[%emt 0:11:19]} e4 {[%emt 0:02:34]} 48. Ra7+ {[%emt 0:01:24]} Ke6 {[%emt 0:00:26]} 49. Ra6+ {[%emt 0:00:09]} Ke5 {[%emt 0:06:14]} 50. Ra5+ {[%emt 0:00:06]} Kd4 {[%emt 0:00:00]} 51. Ra8 {[%emt 0:01:47]} Rb1 {[%emt 0:02:07]} 52. Rd8+ {[%emt 0:00:34]} Kc4 {[%emt 0:00:08]} 53. Rc8+ {[%emt 0:00:59]} Kd3 {[%emt 0:00:12]} 54. Rd8+ {[%emt 0:00:00]} Ke2 {[%emt 0:00:29]} 55. Re8 {[%emt 0:00:40]} Rxb4 {[%emt 0:01:42]} 56. Kg1 {[%emt 0:00:02]} Rb1+ {[%emt 0:07:44]} 57. Kh2 {[%emt 0:00:30]} Kxf2 {[%emt 0:00:00]} 58. Rxe4 {[%emt 0:00:01]} Kf1 {[%emt 0:00:00]} 59. Ra4 {[%emt 0:01:19]} Rb2+ {[%emt 0:00:49]} 60. Kh1 {[%emt 0:00:02]} Kf2 {[%emt 0:01:58]} 61. Kh2 {[%emt 0:00:42]} Ke3+ {[%emt 0:00:22]} 62. Kg1 {[%emt 0:01:20]} Rb1+ {[%emt 0:00:30]} 63. Kh2 {[%emt 0:00:00]} f2 {[%emt 0:00:00]} 64. Ra3+ {[%emt 0:00:03]} Kd4 {[%emt 0:00:04]} 0-1

[Event "Turkish Super League 2019"]
[Site "Konya"]
[Date "2019.07.23"]
[Round "7"]
[White "Sevgi, Volkan"]
[Black "Ayan, Bengu Sena"]
[Result "1-0"]
[WhiteElo "2302"]
[BlackElo "1885"]
[Annotator "NA"]
[PlyCount "73"]
[EventDate "2019.07.17"]
[EventType "team-tourn"]
[EventCountry "TUR"]
[SourceTitle "playchess.com"]
[Source "ChessBase"]
[SourceQuality "1"]
[TimeControl "40/5400+30:1800+30"]

1. e4 e6 2. d4 d5 3. Nd2 Nc6 4. Ngf3 Nf6 5. e5 Nd7 6. Nb3 a5 7. a4 Be7 8. Bb5 Na7 9. Be2 b6 10. h4 h6 11. h5 c5 12. c3 Nc6 13. Rh3 Bb7 14. Rg3 Bf8 15. c4 dxc4 16. Bxc4 Nb4 17. Be3 Qc7 {[%emt 0:45:30]} 18. Rc1 {[%emt 0:54:00]} Rd8 {[%emt 0:09:30]} 19. Qe2 {[%emt 0:01:30]} Rc8 {[%emt 0:02:30]} 20. dxc5 {[%emt 0:03:30]} bxc5 {[%emt 0:03:30]} 21. Bb5 {[%emt 0:01:30]} Qb6 {[%emt 0:05:30]} 22. Nfd2 {[%emt 0:03:30]} Bc6 {[%emt 0:08:30]} 23. Nc4 {[%emt 0:00:30]} Qc7 {[%emt 0:00:30]} 24. Nbxa5 {[%emt 0:07:30]} Bxb5 {[%emt 0:03:30]} 25. axb5 {[%emt 0:02:30]} Ra8 {[%emt 0:01:30]} 26. Nb3 {[%emt 0:08:43]} Nxe5 {[%emt 0:07:15]} 27. Bxc5 {[%emt 0:00:00]} Ned3+ {[%emt 0:03:29]} 28. Rxd3 {[%emt 0:00:47]} Nxd3+ {[%emt 0:00:30]} 29. Qxd3 {[%emt 0:00:00]} Bxc5 {[%emt 0:00:00]} 30. Nxc5 {[%emt 0:00:00]} O-O {[%emt 0:00:41]} 31. Qd6 {[%emt 0:00:30]} Rfc8 {[%emt 0:02:24]} 32. Qxc7 {[%emt 0:00:30]} Rxc7 {[%emt 0:00:02]} 33. b4 {[%emt 0:00:00]} Kf8 {[%emt 0:01:12]} 34. b6 {[%emt 0:01:00]} Re7 {[%emt 0:00:45]} 35. b7 {[%emt 0:00:30]} Rb8 {[%emt 0:00:09]} 36. Nd6 {[%emt 0:00:30]} Rc7 {[%emt 0:00:17]} 37. Nxe6+ {[%emt 0:01:30]} 1-0

[Event "Turkish Super League 2019"]
[Site "Konya"]
[Date "2019.07.23"]
[Round "7"]
[White "Yildiz Kadioglu, Betul Cemre"]
[Black "Maltsevskaya, Aleksandra"]
[Result "1/2-1/2"]
[WhiteElo "2290"]
[BlackElo "2294"]
[Annotator "NA"]
[PlyCount "82"]
[EventDate "2019.07.17"]
[EventType "team-tourn"]
[EventCountry "TUR"]
[SourceTitle "playchess.com"]
[Source "ChessBase"]
[SourceQuality "1"]
[TimeControl "40/5400+30:1800+30"]

1. Nf3 Nf6 2. d4 d5 3. g3 g6 4. Bg2 Bg7 5. O-O O-O 6. Nbd2 c5 7. dxc5 Nbd7 8. Nb3 e5 9. Bg5 Qc7 10. Ne1 h6 11. Bxf6 Nxf6 12. Qd2 Be6 13. Qa5 b6 14. cxb6 axb6 15. Qb4 Rfc8 16. a4 Bf8 17. Qd2 Ne4 18. Qd3 f5 19. c3 Ra7 20. Nd2 Rca8 21. Qc2 b5 22. Nxe4 dxe4 23. f3 exf3 24. Nxf3 Rxa4 25. Rxa4 Rxa4 26. Nh4 Rxh4 27. gxh4 e4 28. Qd2 {[%emt 1:35:31]} Qe5 {[%emt 1:38:47]} 29. Qd8 {[%emt 0:00:30]} Kg7 {[%emt 0:00:30]} 30. Rd1 {[%emt 0:01:09]} f4 {[%emt 0:04:14]} 31. Kh1 {[%emt 0:03:13]} Bc5 {[%emt 0:00:53]} 32. b4 {[%emt 0:02:11]} Bf8 {[%emt 0:00:51]} 33. Qd4 {[%emt 0:00:17]} Qxd4 {[%emt 0:00:43]} 34. Rxd4 {[%emt 0:00:07]} Bc4 {[%emt 0:00:30]} 35. Rxe4 {[%emt 0:01:35]} Bd6 {[%emt 0:00:04]} 36. e3 {[%emt 0:02:13]} f3 {[%emt 0:00:29]} 37. Bh3 {[%emt 0:01:09]} f2 {[%emt 0:00:47]} 38. Rxc4 {[%emt 0:00:53]} bxc4 {[%emt 0:00:00]} 39. Bf1 {[%emt 0:00:00]} Bxb4 {[%emt 0:00:20]} 40. Kg2 {[%emt 0:00:00]} Bxc3 {[%emt 0:00:00]} 41. Kxf2 {[%emt 0:01:42]} Be5 {[%emt 0:00:22]} 1/2-1/2

[Event "Turkish Super League 2019"]
[Site "Konya"]
[Date "2019.07.23"]
[Round "7"]
[White "Dogan, Nazmi Can"]
[Black "Demircioglu, Emre"]
[Result "1-0"]
[WhiteElo "2276"]
[BlackElo "2242"]
[Annotator "NA"]
[PlyCount "67"]
[EventDate "2019.07.17"]
[EventType "team-tourn"]
[EventCountry "TUR"]
[SourceTitle "playchess.com"]
[Source "ChessBase"]
[SourceQuality "1"]
[TimeControl "40/5400+30:1800+30"]

1. d4 Nf6 2. Bf4 d5 3. e3 e6 4. Nd2 c5 5. c3 Nc6 6. Ngf3 cxd4 7. cxd4 Bd6 8. Bxd6 Qxd6 9. Bd3 O-O 10. O-O Bd7 11. a3 Rac8 12. Rc1 Rc7 13. Rc3 Rfc8 14. Qb1 Ne7 15. Rxc7 Rxc7 16. Ne5 Ba4 17. Ndf3 h6 18. g4 Ne4 19. b3 Be8 20. Bxe4 dxe4 21. Qxe4 Qxa3 22. g5 Bb5 23. gxh6 gxh6 24. Nxf7 {[%emt 1:33:33]} Rc1 {[%emt 1:41:12]} 25. Nxh6+ {[%emt 0:00:30]} Kf8 {[%emt 0:00:24]} 26. Rxc1 {[%emt 0:04:34]} Qxc1+ {[%emt 0:00:30]} 27. Kg2 {[%emt 0:00:30]} Bf1+ {[%emt 0:00:30]} 28. Kg3 {[%emt 0:00:30]} Qc7+ {[%emt 0:00:30]} 29. Ne5 {[%emt 0:00:45]} Nd5 {[%emt 0:00:22]} 30. Nhf7 {[%emt 0:00:43]} Nc3 {[%emt 0:00:37]} 31. Qh7 {[%emt 0:00:29]} Ne2+ {[%emt 0:01:14]} 32. Kg4 {[%emt 0:00:05]} Nxd4 {[%emt 0:00:00]} 33. Ng6+ {[%emt 0:00:56]} Ke8 {[%emt 0:00:21]} 34. Qh8+ {[%emt 0:00:43]} 1-0

[Event "Turkish Super League 2019"]
[Site "Konya"]
[Date "2019.07.23"]
[Round "7"]
[White "Yaran, Siar"]
[Black "Arat, Ufuk Sezen"]
[Result "0-1"]
[WhiteElo "2197"]
[BlackElo "2376"]
[Annotator "NA"]
[PlyCount "68"]
[EventDate "2019.07.17"]
[EventType "team-tourn"]
[EventCountry "TUR"]
[SourceTitle "playchess.com"]
[Source "ChessBase"]
[SourceQuality "1"]
[TimeControl "40/5400+30:1800+30"]

1. e4 g6 2. d4 d6 3. Nc3 Bg7 4. f4 c6 5. Be3 b5 6. a3 Nf6 7. Be2 Qa5 8. Bf3 O-O 9. g4 b4 10. axb4 Qxb4 11. Ra3 Ba6 12. Qa1 Qb7 13. h4 Qc8 14. g5 Ng4 15. Bxg4 Qxg4 16. Rxa6 Nxa6 17. Qxa6 Qg3+ 18. Bf2 Qxf4 19. Nge2 Qf3 20. Rg1 Rab8 21. Qa2 Kh8 22. h5 Qxh5 23. Kd2 f6 24. Be3 fxg5 25. Rxg5 Qh4 {[%emt 1:35:45]} 26. Rg3 {[%emt 1:37:13]} Bh6 {[%emt 0:00:30]} 27. b3 {[%emt 0:00:30]} Rf2 {[%emt 0:00:30]} 28. Qxa7 {[%emt 0:00:30]} Rbf8 {[%emt 0:00:30]} 29. Bxh6 {[%emt 0:00:30]} Qxh6+ {[%emt 0:00:30]} 30. Kd3 {[%emt 0:01:21]} d5 {[%emt 0:01:24]} 31. exd5 {[%emt 0:00:30]} cxd5 {[%emt 0:00:30]} 32. Re3 {[%emt 0:00:30]} e6 {[%emt 0:00:30]} 33. Qe7 {[%emt 0:00:03]} R2f6 {[%emt 0:01:53]} 34. Rxe6 {[%emt 0:01:07]} Rxe6 {[%emt 0:00:14]} 0-1

[Event "Turkish Super League 2019"]
[Site "Konya"]
[Date "2019.07.23"]
[Round "7"]
[White "Ozkan, Ervin"]
[Black "Keler, Faruk"]
[Result "1/2-1/2"]
[WhiteElo "2175"]
[BlackElo "2263"]
[Annotator "NA"]
[PlyCount "34"]
[EventDate "2019.07.17"]
[EventType "team-tourn"]
[EventCountry "TUR"]
[SourceTitle "playchess.com"]
[Source "ChessBase"]
[SourceQuality "1"]
[TimeControl "40/5400+30:1800+30"]

1. d4 Nf6 2. Nf3 d5 3. Bf4 c5 4. e3 Nc6 5. c3 Qb6 6. Qb3 c4 7. Qc2 Bf5 8. Qc1 e6 9. Nbd2 h6 10. Be2 Be7 11. b3 cxb3 12. axb3 Rc8 13. Qb2 Nh5 {[%emt 0:19:30]} 14. Be5 {[%emt 0:19:00]} Nf6 {[%emt 0:03:30]} 15. Bf4 {[%emt 0:00:30]} Nh5 {[%emt 0:01:30]} 16. Be5 {[%emt 0:00:00]} Nf6 {[%emt 0:00:30]} 17. Bf4 {[%emt 0:00:00]} Nh5 {[%emt 0:01:30]} 1/2-1/2

[Event "Turkish Super League 2019"]
[Site "Konya"]
[Date "2019.07.23"]
[Round "7"]
[White "Cansun, Can Alp"]
[Black "Kilic, Efe Mert"]
[Result "0-1"]
[WhiteElo "2121"]
[BlackElo "2275"]
[Annotator "NA"]
[PlyCount "126"]
[EventDate "2019.07.17"]
[EventType "team-tourn"]
[EventCountry "TUR"]
[SourceTitle "playchess.com"]
[Source "ChessBase"]
[SourceQuality "1"]
[TimeControl "40/5400+30:1800+30"]

1. e4 Nf6 2. e5 Nd5 3. c4 Nb6 4. d4 d6 5. exd6 cxd6 6. Nc3 g6 7. Be3 Bg7 8. h3 O-O 9. Nf3 Nc6 10. Rc1 e5 11. dxe5 dxe5 12. Qxd8 Rxd8 13. c5 Nd7 14. Bc4 h6 15. O-O Nf8 16. Nb5 Be6 17. Nd6 Rd7 18. g4 Bxc4 19. Rxc4 Ne6 20. b4 Ncd4 21. Bxd4 exd4 22. Re1 a5 23. Ne5 Bxe5 24. Rxe5 axb4 25. Rxb4 Nxc5 26. Rxd4 Ne6 27. Rd2 Rad8 28. Red5 Nf4 29. R5d4 Nxh3+ 30. Kg2 Ng5 31. Nb5 Rxd4 32. Rxd4 Rxd4 33. Nxd4 Ne6 34. Nb5 Kf8 35. Kf3 Ke7 36. Ke4 Nc5+ {[%emt 1:31:39]} 37. Kd4 {[%emt 1:42:31]} Nd7 {[%emt 0:00:30]} 38. Ke4 {[%emt 0:00:30]} Nf6+ {[%emt 0:00:30]} 39. Kf4 {[%emt 0:00:30]} Ke6 {[%emt 0:01:34]} 40. Nd4+ {[%emt 0:00:00]} Kd5 {[%emt 0:00:00]} 41. Nb3 {[%emt 0:06:59]} Ne4 {[%emt 0:05:17]} 42. Ke3 {[%emt 0:00:00]} Nc3 {[%emt 0:00:30]} 43. Nc1 {[%emt 0:01:00]} Kc4 {[%emt 0:03:30]} 44. f3 {[%emt 0:00:30]} b5 {[%emt 0:01:30]} 45. Nd3 {[%emt 0:04:30]} Nxa2 {[%emt 0:01:30]} 46. Ne5+ {[%emt 0:00:00]} Kc3 {[%emt 0:00:30]} 47. Nxf7 {[%emt 0:00:00]} b4 {[%emt 0:00:00]} 48. Nd6 {[%emt 0:01:30]} b3 {[%emt 0:02:00]} 49. Ne4+ {[%emt 0:00:30]} Kc2 {[%emt 0:03:30]} 50. Nd2 {[%emt 0:02:30]} Nc3 {[%emt 0:05:30]} 51. Nc4 {[%emt 0:07:29]} Nb5 {[%emt 0:01:30]} 52. f4 {[%emt 0:01:02]} Kc3 {[%emt 0:00:30]} 53. Nd2 {[%emt 0:00:07]} b2 {[%emt 0:00:30]} 54. Ne4+ {[%emt 0:09:41]} Kc2 {[%emt 0:00:30]} 55. Nd2 {[%emt 0:00:02]} Nd6 {[%emt 0:00:30]} 56. Ke2 {[%emt 0:01:00]} h5 {[%emt 0:01:30]} 57. f5 {[%emt 0:00:22]} Nxf5 {[%emt 0:01:30]} 58. gxf5 {[%emt 0:01:06]} gxf5 {[%emt 0:00:30]} 59. Nc4 {[%emt 0:00:00]} b1=Q {[%emt 0:00:30]} 60. Na3+ {[%emt 0:00:09]} Kc1 {[%emt 0:00:30]} 61. Nxb1 {[%emt 0:00:30]} Kxb1 {[%emt 0:00:00]} 62. Kf3 {[%emt 0:00:00]} Kc2 {[%emt 0:00:00]} 63. Kf4 {[%emt 0:00:00]} h4 {[%emt 0:00:00]} 0-1

[Event "Turkish Super League 2019"]
[Site "Konya"]
[Date "2019.07.23"]
[Round "7"]
[White "Zeydan, Salih"]
[Black "Aydin, Hakan Arda"]
[Result "0-1"]
[WhiteElo "2101"]
[BlackElo "1956"]
[Annotator "NA"]
[PlyCount "102"]
[EventDate "2019.07.17"]
[EventType "team-tourn"]
[EventCountry "TUR"]
[SourceTitle "playchess.com"]
[Source "ChessBase"]
[SourceQuality "1"]
[TimeControl "40/5400+30:1800+30"]

1. e4 e5 2. Nf3 Nc6 3. Bb5 a6 4. Ba4 Nf6 5. O-O Be7 6. d3 b5 7. Bb3 d6 8. a3 O-O 9. Nc3 Bg4 10. Be3 Nd4 11. Bxd4 exd4 12. Nd5 c5 13. h3 Bd7 14. Nxe7+ Qxe7 15. Re1 Bc6 16. e5 dxe5 17. Nxe5 Qd6 18. Qd2 Rae8 19. Qg5 h6 20. Qf5 Bd5 21. Bxd5 Qxd5 22. Qf4 Nh5 23. Qe4 Qxe4 24. Rxe4 Re7 25. Rae1 Rfe8 26. Nc6 Rxe4 27. Rxe4 Rxe4 28. dxe4 Nf4 29. b4 d3 30. cxd3 Nxd3 31. bxc5 Nxc5 32. f3 Kf8 33. Kf2 Ke8 34. Ke3 Kd7 35. Nd4 Ne6 {[%emt 1:34:33]} 36. Nb3 {[%emt 1:39:37]} Kc6 {[%emt 0:00:30]} 37. f4 {[%emt 0:00:30]} b4 {[%emt 0:03:36]} 38. axb4 {[%emt 0:01:58]} Kb5 {[%emt 0:00:08]} 39. f5 {[%emt 0:04:01]} Nc7 {[%emt 0:00:50]} 40. Nd4+ {[%emt 0:00:00]} Kxb4 {[%emt 0:00:00]} 41. e5 {[%emt 0:08:24]} Kc5 {[%emt 0:09:53]} 42. Ke4 {[%emt 0:02:30]} a5 {[%emt 0:00:30]} 43. g4 {[%emt 0:19:49]} a4 {[%emt 0:01:30]} 44. h4 {[%emt 0:01:55]} a3 {[%emt 0:02:30]} 45. g5 {[%emt 0:00:37]} hxg5 {[%emt 0:00:30]} 46. hxg5 {[%emt 0:02:34]} Kc4 {[%emt 0:01:30]} 47. f6 {[%emt 0:00:44]} g6 {[%emt 0:03:30]} 48. e6 {[%emt 0:00:51]} Nxe6 {[%emt 0:00:00]} 49. Nxe6 {[%emt 0:00:48]} a2 {[%emt 0:00:00]} 50. Nd8 {[%emt 0:00:18]} a1=Q {[%emt 0:00:30]} 51. Nxf7 {[%emt 0:00:00]} Qd4+ {[%emt 0:00:00]} 0-1